000 00753nam a22002537a 4500
008 240821b mp ||||| |||| 00| 0 mon d
020 _a978-99929-0-878-5
035 _a2581
040 _aDXO45059
_bmon
_cMN-UlNLM
_dMN-UlNLM
_erda
041 _amon
082 _210-t
_a891.7 3
_bЛ.811
100 _aСветлана Лубенец
245 0 _aДурлалын сахиус
245 0 _b0
245 0 _c/Орч.Л.Энхбаяр
264 _aУБ
_bМонсудар хэвлэлийн газар
_c2009
300 _a160х.
336 _2rdacontent
_atext
_btxt
337 _2rdamedia
_aunmediated
_bn
338 _2rdacarrier
_avolume
_bnc
505 _tдурлалын сахиус; 0; 0; 0; 0
650 _a5648
942 _210-t
_cBK
999 _c1127941
_d1127998